| 000 | 00622nam a2200193Ia 4500 | ||
|---|---|---|---|
| 003 | GCL | ||
| 008 | 140319s9999 xx 000 0 ara d | ||
| 040 |
_aGCL / _cGCL |
||
| 082 | 0 | 4 |
_aد _b050 _bم ج |
| 245 | 1 | 0 | _aجريدة الفنون |
| 260 |
_aالكويت : _bالمجلس الوطنى للثقافة والفنون والاداب ، _c2001 |
||
| 650 | 0 | 4 | _aالفنون التعبيرية |
| 650 | 0 | 4 | _aالمسرح العربى |
| 650 | 0 | 4 | _aسينما |
| 650 | 0 | 4 | _aالفن التشكيلى |
| 650 | 0 | 4 | _aمتحف محمد محمود خليل |
| 650 | 0 | 4 | _aالمهرجانات الفنية |
| 942 |
_2ddc _cCR |
||
| 999 |
_c7838 _d7838 |
||